书目信息 |
| 题名: |
独一无二
|
|
| 作者: | 杨滨 著 | |
| 分册: | ||
| 出版信息: | 北京 海潮出版社 2005.09 |
|
| 页数: | 257页 | |
| 开本: | 21cm | |
| 丛书名: | ||
| 单 册: | ||
| 中图分类: | B848.4-49 | |
| 科图分类: | ||
| 主题词: | 思维科学 , 个性心理学 , 人格心理学 | |
| 电子资源: | ||
| ISBN: | 7-80213-115-4 | |
| 000 | 00897 nam 000289 | |
| 001 | 0100070243 | |
| 005 | 20191127112120.42 | |
| 010 | @a7-80213-115-4@dCNY20.00 | |
| 100 | @a20111030d2010 em y0chiy0121 ea | |
| 101 | 0 | @achi |
| 102 | @aCN@b110000 | |
| 105 | @ay z 000yy | |
| 106 | @ar | |
| 200 | 10 | @a独一无二@Adu yi wu er@e快速提升个人竞争优势的成功法则@f杨滨著@Fyang bin zhu |
| 210 | @a北京@c海潮出版社@d2005.09 | |
| 215 | @a257页@d21cm | |
| 330 | @a本书介绍快速提升个人竞争优势的成功法则,全书分为认知差异、发现才能;聚焦在赋、定位长处;发展优势、管理弱缺;实现自我、超越本真等四个部分。 | |
| 517 | 1 | @a快速提升个人竞争优势的成功法则 |
| 540 | @a独一无二 | |
| 606 | @a思维科学 | |
| 606 | 0 | @a个性心理学 |
| 606 | 0 | @a人格心理学 |
| 690 | @aB848.4-49@v4 | |
| 701 | 0 | @a杨滨@Ayang bin@4著 |
| 801 | @aCN@c20111001 | |
| 901 | @a114477 | |
| 905 | @b1084790-4@dB848.4-49@eY145@f5 | |
| 独一无二:快速提升个人竞争优势的成功法则/杨滨著.-北京:海潮出版社,2005.09 |
| 257页;21cm |
| ISBN 7-80213-115-4:CNY20.00 |
| 本书介绍快速提升个人竞争优势的成功法则,全书分为认知差异、发现才能;聚焦在赋、定位长处;发展优势、管理弱缺;实现自我、超越本真等四个部分。 |
| ● |
| 相关链接 |
|
|
|
正题名:独一无二
索取号:B848.4-49/Y145
 
预约/预借
| 序号 | 登录号 | 条形码 | 馆藏地/架位号 | 状态 | 备注 |
| 1 | 1084790 | 210847903 | 社科库509/509社科库 52排4列5层/ [索取号:B848.4-49/Y145] | 在馆 | |
| 2 | 1084791 | 210847912 | 自科二线400A/400A自科库 11排3列2层/ [索取号:B848.4-49/Y145] | 在馆 | |
| 3 | 1084792 | 210847921 | 自科二线400A/400A自科库 11排3列2层/ [索取号:B848.4-49/Y145] | 在馆 | |
| 4 | 1084793 | 210847930 | 自科二线400A/400A自科库 11排3列2层/ [索取号:B848.4-49/Y145] | 在馆 | |
| 5 | 1084794 | 210847949 | 自科二线400A/400A自科库 11排3列3层/ [索取号:B848.4-49/Y145] | 在馆 |